000 00717nam a2200277Ia 4500
003 OSt
005 20220912150600.0
006 a|||||r|||| 00| 0
007 ta
008 220909b |||||||| |||| 00| 0 eng d
024 _a49256
037 _cTextual
040 _aCSL
_beng
_cCSL
041 _aeng
082 _aH211, M1
100 _aGill James B
245 0 _aOrganic andesites and plate tectonics
260 _aBerlin
_bSpringer- Verlag
_c1981
300 _axiv, 391p.
_ccm. illus.
490 _aMineral and rocks; 16
500 _aAppendix 317-336p
650 _a Volcanic rock
650 _aGeology
942 _hH211, M1
_cTEXL
_2CC
999 _c50550
_d50550